• 首页
  • 本馆介绍
  • 公告通知
  • 最新文献
  • 馆藏检索
  • 电子资源
  • 读者导购
  • 参考咨询
  • 我的图书馆
  • 登录
  • 详细信息显示
  • 放入我的书架
  • 预约/预借图书
  • 作者相关作品
  • 分类相关作品
  • 丛书相关作品
  • 出版社相关作品

书目信息

  • 表格格式
  • 工作单格式
  • 卡片格式
题名:
布拉格公墓
    
 
作者: 埃科 著 ;文铮 , 娄翼俊 译
分册:  
出版信息: 上海   上海译文出版社  2020.11
页数: 527页
开本: 22cm
丛书名: 翁贝托·埃科作品系列
单 册:
中图分类: I546.45
科图分类:
主题词: 长篇小说--意大利--现代
电子资源:
ISBN: 978-7-5327-8376-2
000 01657oam2 2200313 450
001 0102100410
005 20210402100818.0
010    @a978-7-5327-8376-2@b精装@dCNY78.00
100    @a20200624d2020 em y0chiy50 ea
101 1  @achi@cita
102    @aCN@b310000
105    @aak az 000ay
106    @ar
200 1  @a布拉格公墓@Abu la ge gong mu@dIl cimitero di Prage@f(意)翁贝托·埃科著@g文铮,娄翼俊译@zita
210    @a上海@c上海译文出版社@d2020.11
215    @a527页@d22cm
225 2  @a翁贝托·埃科作品系列
314    @a翁贝托·埃科(UmbertoEco,1932-2016),欧洲重要的公共知识分子,小说家、符号学家、美学家、史学家、哲学家。出生于意大利亚历山德里亚,博洛尼亚大学教授。
320    @a有书目(第527页)
330    @a本书被誉为埃科继《玫瑰的名字》之后最精彩的小说。故事发生在十九世纪下半叶的欧洲,主人公西莫尼尼一觉醒来,发现忘了自己是谁,失忆的恐慌与不安让他决定仿效弗洛伊德,对自己进行精神治疗。他通过写日记的方式,逐步从记忆的迷雾中寻回那个孤独的童年,被生活抽打的青年,以及在成为秘密警察的眼线以后,如何一步步成为一个背信弃义、随意出卖朋友、没有任何道德底线的人。他为各方所用,周旋于秘密警察、教会、阴谋家、革命者和御用文人之间,在半个欧洲从事间谍活动,策划暗杀,伪造反对犹太人和共济会的文书,谋取钱财。但正是他这样一个不起眼的小人物,居然成为十九世纪后半叶整个欧洲政治和历史发展的导向。
461  0 @12001 @a翁贝托·埃科作品系列
510 1  @aIl cimitero di Prage@zita
606 0  @a长篇小说@y意大利@z现代
690    @aI546.45@v5
701  1 @c(意)@a埃科@Aai ke@c(Eco, Umberto@f1932-2016)@4著
702  0 @a文铮@Awen zheng@4译
702  0 @a娄翼俊@Alou yi jun@4译
801  0 @aCN@bBJSZM@c20210402
905    @b1274230-4@dI546.45@e113@f5
    
    布拉格公墓=Il cimitero di Prage/(意)翁贝托·埃科著/文铮,娄翼俊译.-上海:上海译文出版社,2020.11
    527页;22cm.-(翁贝托·埃科作品系列)
    
    
    ISBN 978-7-5327-8376-2(精装):CNY78.00
    本书被誉为埃科继《玫瑰的名字》之后最精彩的小说。故事发生在十九世纪下半叶的欧洲,主人公西莫尼尼一觉醒来,发现忘了自己是谁,失忆的恐慌与不安让他决定仿效弗洛伊德,对自己进行精神治疗。他通过写日记的方式,逐步从记忆的迷雾中寻回那个孤独的童年,被生活抽打的青年,以及在成为秘密警察的眼线以后,如何一步步成为一个背信弃义、随意出卖朋友、没有任何道德底线的人。他为各方所用,周旋于秘密警察、教会、阴谋家、革命者和御用文人之间,在半个欧洲从事间谍活动,策划暗杀,伪造反对犹太人和共济会的文书,谋取钱财。但正是他这样一个不起眼的小人物,居然成为十九世纪后半叶整个欧洲政治和历史发展的导向。
●
相关链接 在E读中查询图书 在五车中查询图书 在当当中查询图书 在豆瓣中查询图书


正题名:布拉格公墓     索取号:I546.45/113         预约/预借

序号 登录号 条形码 馆藏地/架位号 状态 备注
1 1274230   212742308   第一样本阅览室/ [索取号:I546.45/113] 在馆    
2 1274231   212742317   教育系资料室/ [索取号:I546.45/113] 在馆    
3 1274232   212742326   教育系资料室/ [索取号:I546.45/113] 在馆    
4 1274233   212742335   第二借阅区/ [索取号:I546.45/113] 在馆    
5 1274234   212742344   第二借阅区/ [索取号:I546.45/113] 在馆    
唐山师范学院图书馆 欢迎您!
大连网信软件有限公司© 版权所有